[Event "25. Copenhagen Open  (Politiken Cup)"]
[Site "Copenhagen"]
[Date "2003.07.23"]
[Round "9"]
[White "Harstad, Christian"]
[Black "Nordenbaek, Jan"]
[Result "0-1"]
[WhiteElo "1714"]
[BlackElo "2254"]
[PlyCount "74"]
[EventDate "2003.07.14"]
[EventType "swiss"]
[EventRounds "11"]
[EventCountry "DEN"]
[SourceDate "2004.01.01"]

1. d4 Nf6 2. c4 g6 3. Nc3 Bg7 4. e4 d6 5. Nf3 O-O 6. Be2 e5 7. O-O Nc6 8. d5
Ne7 9. b4 Nh5 10. Re1 a5 11. Ba3 axb4 12. Bxb4 b6 13. Nd2 Nf4 14. Bf1 c5 15.
dxc6 Nxc6 16. Rb1 Be6 17. Nf3 Nd4 18. Nxd4 exd4 19. Ne2 Nxe2+ 20. Qxe2 Rc8 21.
Rbc1 Qd7 22. Qd2 Rc6 23. c5 dxc5 24. Bb5 Qb7 25. Bxc6 Qxc6 26. Qe2 Qa4 27. Bd2
c4 28. e5 Qxa2 29. Ra1 Qc2 30. Rec1 Qf5 31. Bb4 Re8 32. Bd6 Bh6 33. Rd1 d3 34.
Qb2 Rc8 35. Qc3 Bd5 36. Kf1 Qg4 37. f3 Bxf3 0-1

[Event "25. Copenhagen Open  (Politiken Cup)"]
[Site "Copenhagen"]
[Date "2003.07.23"]
[Round "9"]
[White "Hartung Nielsen, Jens"]
[Black "Malmberg, Mio"]
[Result "0-1"]
[WhiteElo "2233"]
[BlackElo "2095"]
[PlyCount "76"]
[EventDate "2003.07.14"]
[EventType "swiss"]
[EventRounds "11"]
[EventCountry "DEN"]
[SourceDate "2004.01.01"]

1. d4 e6 2. Nf3 b6 3. Bf4 Bb7 4. e3 f5 5. Bd3 Be7 6. c4 d6 7. Nc3 Nf6 8. Qc2
Na6 9. a3 Nh5 10. Bg3 g6 11. O-O-O c5 12. Kb1 Qd7 13. d5 e5 14. e4 f4 15. Bh4
Nc7 16. Qa4 Qxa4 17. Nxa4 Bc8 18. Bxe7 Kxe7 19. Nd2 Bd7 20. Nc3 a6 21. a4 g5
22. Kc2 Nf6 23. Rb1 Ng4 24. Rbf1 h5 25. h3 Nf6 26. g3 g4 27. h4 Rhf8 28. Rb1 a5
29. Rbe1 Na6 30. Nb5 Nb4+ 31. Kc3 Bxb5 32. cxb5 Nd7 33. Rhf1 Rf6 34. Be2 Raf8
35. Rg1 fxg3 36. fxg3 Rf2 37. b3 c4 38. Bxc4 R8f3+ 0-1

[Event "25. Copenhagen Open  (Politiken Cup)"]
[Site "Copenhagen"]
[Date "2003.07.23"]
[Round "9"]
[White "Hoi, Carsten"]
[Black "Kongsted, Halfdan Christian"]
[Result "1/2-1/2"]
[WhiteElo "2385"]
[BlackElo "2246"]
[PlyCount "47"]
[EventDate "2003.07.14"]
[EventType "swiss"]
[EventRounds "11"]
[EventCountry "DEN"]
[SourceDate "2004.01.01"]

1. d4 d5 2. c4 e6 3. Nc3 c5 4. e3 Nf6 5. Nf3 a6 6. a3 Nc6 7. b3 Be7 8. Bd2 O-O
9. Bd3 cxd4 10. exd4 dxc4 11. bxc4 Kh8 12. Ne4 b5 13. cxb5 axb5 14. O-O Qb6 15.
Nxf6 Bxf6 16. Qe2 Bb7 17. Qe4 g6 18. Qf4 Bg7 19. Rfd1 Rad8 20. Bf1 Kg8 21. Rab1
Rd5 22. a4 b4 23. Qe3 Ba6 24. Bxa6 1/2-1/2

[Event "25. Copenhagen Open  (Politiken Cup)"]
[Site "Copenhagen"]
[Date "2003.07.23"]
[Round "9"]
[White "Houska, Jovanka"]
[Black "Simonsen, Hans Kristian"]
[Result "1-0"]
[WhiteElo "2350"]
[BlackElo "2233"]
[PlyCount "65"]
[EventDate "2003.07.14"]
[EventType "swiss"]
[EventRounds "11"]
[EventCountry "DEN"]
[SourceDate "2004.01.01"]

1. e4 e6 2. d4 d5 3. e5 c5 4. c3 Nc6 5. Nf3 Nge7 6. Na3 Bd7 7. Be2 cxd4 8. cxd4
Nf5 9. Nc2 Qa5+ 10. Kf1 Be7 11. g3 Qb6 12. b3 Rc8 13. Kg2 O-O 14. h4 Nb4 15.
Nxb4 Bxb4 16. g4 Ne7 17. Bg5 Nc6 18. Qd3 Ba3 19. b4 Bxb4 20. a3 Ba5 21. h5 Qc7
22. Bd1 f6 23. h6 Be8 24. hxg7 Qxg7 25. exf6 Qd7 26. Rh6 Rf7 27. Ba4 Bc7 28.
Rah1 Bd6 29. Qg6+ Kh8 30. Rxh7+ Rxh7 31. f7 Qxf7 32. Bf6+ Qxf6 33. Qxh7# 1-0

[Event "25. Copenhagen Open  (Politiken Cup)"]
[Site "Copenhagen"]
[Date "2003.07.23"]
[Round "9"]
[White "Hovmoller, Kristian"]
[Black "Stokke, Kjetil"]
[Result "1-0"]
[WhiteElo "2302"]
[BlackElo "2162"]
[PlyCount "107"]
[EventDate "2003.07.14"]
[EventType "swiss"]
[EventRounds "11"]
[EventCountry "DEN"]
[SourceDate "2004.01.01"]

1. d4 Nf6 2. c4 g6 3. Nc3 Bg7 4. e4 d6 5. f3 O-O 6. Be3 c5 7. Nge2 cxd4 8. Nxd4
Nc6 9. Qd2 Bd7 10. Be2 Nxd4 11. Bxd4 Bc6 12. O-O a5 13. Rfd1 Nd7 14. Be3 Nc5
15. b3 Qb6 16. Rac1 Rfc8 17. Nb5 Qd8 18. Qe1 Qf8 19. Bf1 Bh6 20. e5 Rd8 21.
exd6 exd6 22. Bxh6 Qxh6 23. Nxd6 Qf4 24. Qg3 Qxg3 25. hxg3 b6 26. Nb5 Bxb5 27.
cxb5 Kf8 28. Bc4 Rxd1+ 29. Rxd1 Ke7 30. Kf2 Ra7 31. Ke3 f6 32. Rd4 Rd7 33.
Rxd7+ Kxd7 34. Kd4 Kd6 35. Kc3 h6 36. Bf7 g5 37. Kd4 Nd7 38. Ke4 Ne5 39. Bg8
Ng6 40. Bc4 Ne7 41. f4 Kc5 42. a4 Kd6 43. f5 Kc5 44. Be6 h5 45. g4 hxg4 46. g3
Kb4 47. Kd4 Nxf5+ 48. Bxf5 Kxb3 49. Kd5 Kxa4 50. Kc6 Kb4 51. Kxb6 a4 52. Kc6 a3
53. Be6 f5 54. b6 1-0

[Event "25. Copenhagen Open  (Politiken Cup)"]
[Site "Copenhagen"]
[Date "2003.07.23"]
[Round "9"]
[White "Hvenekilde, Jorgen"]
[Black "Gullaksen, Eirik T"]
[Result "1/2-1/2"]
[WhiteElo "2259"]
[BlackElo "2359"]
[PlyCount "150"]
[EventDate "2003.07.14"]
[EventType "swiss"]
[EventRounds "11"]
[EventCountry "DEN"]
[SourceDate "2004.01.01"]

1. d4 Nf6 2. c4 g6 3. Nc3 Bg7 4. e4 O-O 5. Be3 d6 6. f3 c5 7. Nge2 cxd4 8. Nxd4
Nc6 9. Qd2 Bd7 10. Be2 Nxd4 11. Bxd4 Bc6 12. O-O a5 13. Rfd1 Nd7 14. Bxg7 Kxg7
15. b3 Qb6+ 16. Qd4+ Qxd4+ 17. Rxd4 Rfc8 18. Kf2 Nc5 19. g3 Ra6 20. Rb1 Rb6 21.
Bd1 Kf8 22. Bc2 Bd7 23. Rd2 e6 24. h4 Ke7 25. Ke3 Na6 26. Bd3 a4 27. Be2 Bc6
28. g4 Ra8 29. f4 axb3 30. axb3 Nc5 31. Bd1 Ra3 32. Rdb2 Rb4 33. Bc2 Rxc4 34.
bxc4 Rxc3+ 35. Kd2 Rg3 36. g5 Rf3 37. f5 e5 38. h5 Rg3 39. fxg6 fxg6 40. hxg6
hxg6 41. Rh1 Rxg5 42. Rh4 Rg2+ 43. Kc3 Kf6 44. Rb1 Kg5 45. Rbh1 Re2 46. R1h3
Nxe4+ 47. Bxe4 Bxe4 48. Rh8 d5 49. cxd5 Bxd5 50. Rg3+ Kf6 51. Kd3 Ra2 52. Rg1
Ra3+ 53. Ke2 Bc4+ 54. Kf2 b5 55. Rb1 Ra6 56. Rd1 e4 57. Ke3 Ke5 58. Re8+ Be6
59. Rb1 Ra3+ 60. Kf2 e3+ 61. Ke2 Kf6 62. Rf1+ Bf5 63. Rxe3 Ra2+ 64. Kf3 Rb2 65.
Rf2 Rb1 66. Ree2 Rc1 67. Rb2 Rc5 68. Rfd2 Ke5 69. Rb4 g5 70. Rdb2 Bd3 71. Ke3
Bc4 72. Rg2 Kf5 73. Rf2+ Kg6 74. Rb1 g4 75. Kf4 Rf5+ 1/2-1/2

[Event "25. Copenhagen Open  (Politiken Cup)"]
[Site "Copenhagen"]
[Date "2003.07.23"]
[Round "9"]
[White "Hogh, Sidsel T"]
[Black "Jacobsen, Claus"]
[Result "1/2-1/2"]
[WhiteElo "1438"]
[BlackElo "1075"]
[PlyCount "83"]
[EventDate "2003.07.14"]
[EventType "swiss"]
[EventRounds "11"]
[EventCountry "DEN"]
[SourceDate "2004.01.01"]

1. d4 d5 2. c4 e6 3. Nc3 Nf6 4. cxd5 exd5 5. Bg5 Be7 6. e3 Bf5 7. Bd3 Bg6 8.
Bxg6 hxg6 9. Qc2 Qd7 10. Nge2 Na6 11. a3 Rh5 12. Bf4 Bd6 13. O-O-O Bxf4 14.
Nxf4 Rg5 15. h4 Rf5 16. f3 Ng8 17. g4 Rf6 18. Ncxd5 Rc6 19. Nc3 O-O-O 20. Kb1
Ne7 21. Qd3 Rb6 22. Rh2 c6 23. h5 Qd6 24. Ne4 Qc7 25. Rdh1 g5 26. Nxg5 Nd5 27.
Nxd5 Rxd5 28. Ne4 Qe7 29. Ka1 Nc7 30. h6 gxh6 31. Rxh6 Ne6 32. f4 Rdb5 33. R1h2
Rb3 34. Nc3 Rxb2 35. Rxb2 Qxa3+ 36. Ra2 Qc1+ 37. Nb1 Rxb1+ 38. Qxb1 Qc3+ 39.
Rb2 Qa5+ 40. Qa2 Qe1+ 41. Rb1 Qc3+ 42. Qb2 1/2-1/2

[Event "25. Copenhagen Open  (Politiken Cup)"]
[Site "Copenhagen"]
[Date "2003.07.23"]
[Round "9"]
[White "Jensen, Benjamin Lau"]
[Black "Nhr, Finn"]
[Result "1/2-1/2"]
[WhiteElo "1699"]
[BlackElo "2136"]
[PlyCount "84"]
[EventDate "2003.07.14"]
[EventType "swiss"]
[EventRounds "11"]
[EventCountry "DEN"]
[SourceDate "2004.01.01"]

1. e4 e5 2. Nf3 Nc6 3. Bc4 Nf6 4. O-O Nxe4 5. d4 exd4 6. Re1 d5 7. Bxd5 Qxd5 8.
Nc3 Qh5 9. Nxe4 Be6 10. Bg5 h6 11. Bf6 Qg6 12. Nh4 Qg4 13. Qxg4 Bxg4 14. Nc5+
Be6 15. Nxe6 fxe6 16. Be5 O-O-O 17. Ng6 Rg8 18. Bg3 Re8 19. Re4 Be7 20. Rxe6
Bf6 21. Rae1 Rxe6 22. Rxe6 Kd7 23. Re2 Re8 24. Rxe8 Kxe8 25. Bxc7 Nb4 26. Be5
Nxa2 27. Bxf6 gxf6 28. Nf4 Nb4 29. c3 dxc3 30. bxc3 Nc6 31. Nd3 a5 32. Kf1 a4
33. Nc1 Ke7 34. Ke2 Kd6 35. f4 Kd5 36. Kd3 b5 37. g4 Nb8 38. h4 Nd7 39. g5 fxg5
40. fxg5 hxg5 41. hxg5 Ne5+ 42. Kc2 Ng6 1/2-1/2

[Event "25. Copenhagen Open  (Politiken Cup)"]
[Site "Copenhagen"]
[Date "2003.07.23"]
[Round "9"]
[White "Johansson, Thomas"]
[Black "Holst, Allan"]
[Result "1-0"]
[WhiteElo "2231"]
[BlackElo "2361"]
[PlyCount "85"]
[EventDate "2003.07.14"]
[EventType "swiss"]
[EventRounds "11"]
[EventCountry "DEN"]
[SourceDate "2004.01.01"]

1. e4 d6 2. Nc3 Nf6 3. f4 d5 4. e5 Ne4 5. Nce2 d4 6. Nf3 d3 7. cxd3 Nc5 8. Ned4
Bg4 9. Qc2 e6 10. h3 Bxf3 11. Nxf3 Nc6 12. Qc3 Nb4 13. d4 Ne4 14. Qb3 Be7 15.
h4 Ng3 16. Rh3 Nf5 17. a3 Nd5 18. Qxb7 Nxf4 19. Qc6+ Kf8 20. Rh2 Nd5 21. Bd3
Nxh4 22. Be4 Nxf3+ 23. gxf3 Bh4+ 24. Kf1 Rb8 25. Qc5+ Kg8 26. Qxa7 Be7 27. Qa4
f5 28. exf6 Bxf6 29. Qc2 h5 30. d3 Bxd4 31. Qc4 c5 32. Rg2 h4 33. Rg5 Rxb2 34.
Bxd5 Rf2+ 35. Ke1 exd5 36. Rxd5 Qa5+ 37. Kd1 Kh7 38. Rh5+ Kg6 39. Qe6+ Bf6 40.
Rg5+ Kh7 41. Qe4+ Kg8 42. Qe8+ Kh7 43. Rh5# 1-0

[Event "25. Copenhagen Open  (Politiken Cup)"]
[Site "Copenhagen"]
[Date "2003.07.23"]
[Round "9"]
[White "Jussupow, Artur"]
[Black "Nielsen, Peter Heine"]
[Result "1/2-1/2"]
[WhiteElo "2583"]
[BlackElo "2636"]
[PlyCount "26"]
[EventDate "2003.07.14"]
[EventType "swiss"]
[EventRounds "11"]
[EventCountry "DEN"]
[SourceDate "2004.01.01"]

1. d4 d5 2. Nf3 Nf6 3. e3 c5 4. c4 cxd4 5. exd4 g6 6. Nc3 Bg7 7. Be2 O-O 8. O-O
Nc6 9. h3 Bf5 10. Be3 dxc4 11. Bxc4 Rc8 12. a3 Na5 13. Ba2 Ne4 1/2-1/2

[Event "25. Copenhagen Open  (Politiken Cup)"]
[Site "Copenhagen"]
[Date "2003.07.23"]
[Round "9"]
[White "Jorgensen, Dennis"]
[Black "Rohrmueller, Ulrich"]
[Result "1/2-1/2"]
[WhiteElo "2104"]
[BlackElo "2268"]
[PlyCount "82"]
[EventDate "2003.07.14"]
[EventType "swiss"]
[EventRounds "11"]
[EventCountry "DEN"]
[SourceDate "2004.01.01"]

1. d4 d5 2. c4 e6 3. Nc3 Nf6 4. cxd5 exd5 5. Bg5 Be7 6. e3 O-O 7. Qc2 Nbd7 8.
Bd3 Re8 9. Nf3 Nf8 10. h3 Be6 11. O-O c6 12. a3 a5 13. Rab1 N6d7 14. Bxe7 Qxe7
15. Ne2 f6 16. Ng3 a4 17. Rfe1 Qd6 18. e4 dxe4 19. Rxe4 Nb6 20. Rbe1 Qd7 21.
Qc1 Bf7 22. R4e2 Rxe2 23. Rxe2 Nd5 24. Ne4 Ng6 25. Rc2 Ngf4 26. Bf1 Bg6 27.
Nfd2 Re8 28. Qe1 Nb6 29. Qe3 Ne6 30. d5 Nxd5 31. Qa7 Ndf4 32. Rc4 Rd8 33. g3
Nd3 34. Qb6 Ne5 35. Rxa4 f5 36. Nc5 Nxc5 37. Qxc5 Nd3 38. Qc4+ Kf8 39. Ra7 Bf7
40. Qc3 Ne1 41. Nf3 Nxf3+ 1/2-1/2

[Event "25. Copenhagen Open  (Politiken Cup)"]
[Site "Copenhagen"]
[Date "2003.07.23"]
[Round "9"]
[White "Kaaber Hansen, Jacob"]
[Black "Roder, Peter"]
[Result "0-1"]
[WhiteElo "2032"]
[BlackElo "2170"]
[PlyCount "88"]
[EventDate "2003.07.14"]
[EventType "swiss"]
[EventRounds "11"]
[EventCountry "DEN"]
[SourceDate "2004.01.01"]

1. Nf3 d5 2. d4 Nf6 3. Bf4 c6 4. e3 Bg4 5. Nbd2 e6 6. Bd3 Bd6 7. c3 Bxf4 8.
exf4 Qd6 9. g3 c5 10. Qa4+ Nc6 11. Ne5 O-O 12. Nxg4 Nxg4 13. dxc5 Qxc5 14. O-O
Nf6 15. Rfe1 Qb6 16. Qb3 Nd7 17. Qc2 g6 18. a3 a5 19. h4 Nc5 20. h5 f5 21. Kg2
a4 22. Nf3 Ne4 23. Rh1 Na5 24. Ne5 Nb3 25. Rad1 g5 26. Nd7 Qc6 27. Nxf8 Rxf8
28. f3 gxf4 29. gxf4 Nec5 30. Rdg1 Qd6 31. Rh4 d4 32. Kh1+ Kh8 33. Qg2 Qe7 34.
Rh3 Nxd3 35. h6 Re8 36. Rg3 Qh4+ 37. Qh2 Qxh2+ 38. Kxh2 Nxf4 39. Rg7 Ng6 40.
cxd4 Nxd4 41. Rc1 Nxf3+ 42. Kg3 Ng5 43. Rxb7 Rf8 44. Rc4 Ne4+ 0-1

[Event "25. Copenhagen Open  (Politiken Cup)"]
[Site "Copenhagen"]
[Date "2003.07.23"]
[Round "9"]
[White "Kallio, Heikki"]
[Black "Nilssen, John Arni"]
[Result "1-0"]
[WhiteElo "2471"]
[BlackElo "2382"]
[PlyCount "107"]
[EventDate "2003.07.14"]
[EventType "swiss"]
[EventRounds "11"]
[EventCountry "DEN"]
[SourceDate "2004.01.01"]

1. Nf3 Nf6 2. g3 g6 3. Bg2 Bg7 4. O-O O-O 5. d3 d5 6. c3 c5 7. Bf4 h6 8. Qa4
Bd7 9. Qa3 Qc8 10. Nbd2 Na6 11. Be5 Bh3 12. b4 Bxg2 13. Kxg2 cxb4 14. cxb4 Qe6
15. Nb3 Rfc8 16. b5 Nc7 17. Nbd4 Qd7 18. Qb2 Nce8 19. Rac1 Bf8 20. Bf4 Nh5 21.
Qd2 Nxf4+ 22. Qxf4 Bg7 23. Ne5 Bxe5 24. Qxe5 e6 25. Qe3 Kg7 26. a4 Rxc1 27.
Rxc1 Rc8 28. Rxc8 Qxc8 29. Nf3 a6 30. Qd4+ Kg8 31. b6 f6 32. a5 Qc6 33. Qf4 g5
34. Qb4 Kf7 35. Nd4 Qd7 36. Nb3 Nd6 37. Nc5 Qc6 38. d4 Ke7 39. Qb1 Qc8 40. Qg6
Nf7 41. Qd3 f5 42. Qa3 Kf6 43. h3 Nd8 44. Nd3 Nc6 45. Qd6 Qd8 46. Qc5 Qe7 47.
Qc3 Qd6 48. Nc5 Nd8 49. Qa3 Kf7 50. Qf3 Qe7 51. g4 Qf6 52. Qc3 Qe7 53. gxf5
exf5 54. Qf3 1-0

[Event "25. Copenhagen Open  (Politiken Cup)"]
[Site "Copenhagen"]
[Date "2003.07.23"]
[Round "9"]
[White "Knudsen, Erik"]
[Black "Hansen, Erik Friberg"]
[Result "0-1"]
[WhiteElo "1105"]
[BlackElo "1220"]
[PlyCount "76"]
[EventDate "2003.07.14"]
[EventType "swiss"]
[EventRounds "11"]
[EventCountry "DEN"]
[SourceDate "2004.01.01"]

1. d4 Nf6 2. Nf3 g6 3. Bf4 Bg7 4. e3 O-O 5. Nbd2 d6 6. Bd3 Nbd7 7. O-O Re8 8.
h3 e5 9. Bg5 h6 10. Bxf6 Nxf6 11. Ne4 Nxe4 12. Bxe4 d5 13. dxe5 dxe4 14. Qxd8
Rxd8 15. Rad1 Be6 16. Nd4 Bxe5 17. f4 Bxd4 18. Rxd4 Rxd4 19. exd4 Rd8 20. c3 f5
21. Kf2 a6 22. a3 b6 23. Ke3 Bb3 24. Rh1 c5 25. g4 Be6 26. Rg1 Kf7 27. g5 h5
28. h4 Bb3 29. Rc1 Bc4 30. Ra1 cxd4+ 31. cxd4 b5 32. Rc1 Ke7 33. Rc3 Kd6 34. b3
Bd5 35. Rc5 Bxb3 36. Rc3 Be6 37. Rc5 Rc8 38. Rxc8 Bxc8 0-1

[Event "25. Copenhagen Open  (Politiken Cup)"]
[Site "Copenhagen"]
[Date "2003.07.23"]
[Round "9"]
[White "Larsen, Alex"]
[Black "McShane, Rod"]
[Result "1-0"]
[WhiteElo "1305"]
[BlackElo "1500"]
[PlyCount "45"]
[EventDate "2003.07.14"]
[EventType "swiss"]
[EventRounds "11"]
[EventCountry "DEN"]
[SourceDate "2004.01.01"]

1. d4 d5 2. Nf3 Nf6 3. e3 e6 4. b3 Bd6 5. Bb2 O-O 6. Be2 Nbd7 7. O-O b6 8. c4
c5 9. Nc3 dxc4 10. Bxc4 cxd4 11. Nxd4 a6 12. Bxe6 Nc5 13. Bxc8 Rxc8 14. Nf3 Qc7
15. h3 Rfd8 16. Qe2 Qb8 17. Rad1 Nce4 18. Nxe4 Nxe4 19. Rxd6 Rxd6 20. Be5 Nc3
21. Qxa6 Rcc6 22. Nd4 Rc5 23. Bxd6 1-0

[Event "25. Copenhagen Open  (Politiken Cup)"]
[Site "Copenhagen"]
[Date "2003.07.23"]
[Round "9"]
[White "Larsen, Allan"]
[Black "Bleis, Christian"]
[Result "0-1"]
[WhiteElo "2160"]
[BlackElo "2252"]
[PlyCount "80"]
[EventDate "2003.07.14"]
[EventType "swiss"]
[EventRounds "11"]
[EventCountry "DEN"]
[SourceDate "2004.01.01"]

1. e4 c5 2. Nf3 d6 3. d3 g6 4. g3 Bg7 5. Bg2 Nc6 6. O-O e6 7. c3 Nge7 8. Na3
Rb8 9. Nc2 d5 10. Qe2 dxe4 11. dxe4 O-O 12. Bf4 e5 13. Be3 Qa5 14. Rfd1 b6 15.
Bf1 Qa4 16. Nfe1 Qxe4 17. b3 Qg4 18. Qd2 Bb7 19. h3 Qe6 20. Bg2 Rbd8 21. Qe2 e4
22. Bd2 f5 23. Rac1 Ne5 24. Be3 Nd5 25. Na3 h6 26. c4 Nb4 27. Rxd8 Rxd8 28. Rd1
Rxd1 29. Qxd1 Kh7 30. Qd8 a6 31. Nac2 Nxa2 32. Qc7 Qc6 33. Qe7 Qd7 34. Qh4 a5
35. Bf4 Nf7 36. Ne3 g5 37. Qh5 gxf4 38. Nxf5 f3 39. Bf1 Qe6 40. Qg4 Qg6 0-1

[Event "25. Copenhagen Open  (Politiken Cup)"]
[Site "Copenhagen"]
[Date "2003.07.23"]
[Round "9"]
[White "Larsen, Karsten"]
[Black "Nyysti, Sampsa"]
[Result "1-0"]
[WhiteElo "2282"]
[BlackElo "2399"]
[PlyCount "103"]
[EventDate "2003.07.14"]
[EventType "swiss"]
[EventRounds "11"]
[EventCountry "DEN"]
[SourceDate "2004.01.01"]

1. e4 c5 2. Nf3 e6 3. d3 Nc6 4. g3 Nge7 5. Bg2 g6 6. O-O Bg7 7. a4 O-O 8. Nbd2
h6 9. Re1 d6 10. c3 e5 11. Rb1 Be6 12. b4 cxb4 13. cxb4 a5 14. b5 Nb4 15. Nc4
f5 16. Nxa5 Qxa5 17. Bd2 Qxa4 18. Bxb4 Qxd1 19. Rexd1 Rfd8 20. Rdc1 Rd7 21. Nd2
Kf7 22. Nc4 Nc8 23. Na5 Rb8 24. Rc2 Bf6 25. Bd2 Bd8 26. Nc4 Bg5 27. f4 exf4 28.
gxf4 Bf6 29. Be3 Ra8 30. Rbc1 Ra1 31. e5 Rxc1+ 32. Rxc1 dxe5 33. Nxe5+ Bxe5 34.
fxe5 Rxd3 35. Rc7+ Ne7 36. Bxh6 b6 37. Bg5 Rd7 38. Rc1 Ra7 39. Be3 Bd5 40. Bf1
Rb7 41. Ra1 Be4 42. Ra6 Nd5 43. Bc4 Rc7 44. Bxd5+ Bxd5 45. Rxb6 Rc3 46. Bg5 Rc2
47. h4 Rg2+ 48. Kf1 Rb2 49. Rf6+ Kg7 50. b6 Be4 51. Rd6 Bf3 52. e6 1-0

[Event "25. Copenhagen Open  (Politiken Cup)"]
[Site "Copenhagen"]
[Date "2003.07.23"]
[Round "9"]
[White "Larsen, Steen Skovlund"]
[Black "Bohlke, Christian"]
[Result "1/2-1/2"]
[WhiteElo "2310"]
[BlackElo "2205"]
[PlyCount "68"]
[EventDate "2003.07.14"]
[EventType "swiss"]
[EventRounds "11"]
[EventCountry "DEN"]
[SourceDate "2004.01.01"]

1. Nf3 Nf6 2. c4 c5 3. Nc3 Nc6 4. d4 cxd4 5. Nxd4 g6 6. e4 Bg7 7. Be3 Ng4 8.
Qxg4 Nxd4 9. Qd1 Ne6 10. Qd2 O-O 11. Rc1 d6 12. Be2 a5 13. b3 Bd7 14. f3 Nc5
15. O-O Bc6 16. Rc2 Qb6 17. Rb1 Qb4 18. Qc1 Qb6 19. a3 Qc7 20. Nd5 Bxd5 21.
cxd5 Qd7 22. b4 axb4 23. axb4 Na6 24. Bxa6 bxa6 25. Rc6 Qb7 26. Rb6 Qa7 27. Bf2
Rab8 28. Rc6 Bd4 29. Qd2 Bxf2+ 30. Qxf2 Qb7 31. Qe2 Qa7+ 32. Qf2 Qb7 33. Qe2
Qa7+ 34. Qf2 Qb7 1/2-1/2

[Event "25. Copenhagen Open  (Politiken Cup)"]
[Site "Copenhagen"]
[Date "2003.07.23"]
[Round "9"]
[White "Larsen, Ulrik"]
[Black "Malmdin, Nils Ake"]
[Result "0-1"]
[WhiteElo "1951"]
[BlackElo "2190"]
[PlyCount "52"]
[EventDate "2003.07.14"]
[EventType "swiss"]
[EventRounds "11"]
[EventCountry "DEN"]
[SourceDate "2004.01.01"]

1. e4 d6 2. d4 Nf6 3. Nc3 g6 4. f4 Bg7 5. Nf3 O-O 6. Bd3 Nc6 7. e5 dxe5 8. fxe5
Nh5 9. Be2 Bg4 10. Be3 f6 11. e6 Nb4 12. d5 c6 13. dxc6 Qxd1+ 14. Bxd1 Nxc6 15.
Nb5 f5 16. Nfd4 Nb4 17. O-O a6 18. Nc7 Rad8 19. a3 Bxd4 20. Bxd4 Rxd4 21. Bxg4
Nxc2 22. Bxh5 Nxa1 23. Bf3 Nb3 24. Bxb7 Rb8 25. Bxa6 Nd2 26. Nb5 Ra4 0-1

[Event "25. Copenhagen Open  (Politiken Cup)"]
[Site "Copenhagen"]
[Date "2003.07.23"]
[Round "9"]
[White "Larsson, Nicolai"]
[Black "Christoffersen, Jan"]
[Result "1-0"]
[WhiteElo "1238"]
[BlackElo "1398"]
[PlyCount "137"]
[EventDate "2003.07.14"]
[EventType "swiss"]
[EventRounds "11"]
[EventCountry "DEN"]
[SourceDate "2004.01.01"]

1. e4 e5 2. Nf3 Nc6 3. Bb5 a6 4. Ba4 b5 5. Bb3 Bc5 6. c3 Nf6 7. O-O O-O 8. d4
exd4 9. cxd4 Be7 10. Re1 d6 11. h3 Bb7 12. Nc3 Na5 13. Bc2 b4 14. Na4 d5 15. e5
Ne4 16. Nh2 f5 17. f4 Bc6 18. b3 Bh4 19. Re2 Bb5 20. Bd3 Nc6 21. Bxb5 axb5 22.
Nc5 Nc3 23. Qd3 Nxe2+ 24. Qxe2 Qe8 25. Qxb5 Nxd4 26. Qd3 Ne6 27. Qxd5 Qb5 28.
Qxe6+ Kh8 29. Qc4 Qb6 30. Be3 Rfd8 31. Nf1 Qg6 32. Qxb4 Be7 33. Qc4 Bxc5 34.
Bxc5 h6 35. e6 Qf6 36. Re1 Rxa2 37. Re2 Raa8 38. e7 Re8 39. Qe6 Qc3 40. b4 Qd3
41. Qe5 Ra6 42. Bd4 Rf6 43. Qe3 Qxe3+ 44. Rxe3 Rd6 45. Bc5 Rd1 46. Kf2 Kh7 47.
Re6 g5 48. Rf6 Kg7 49. Rxf5 gxf4 50. Rxf4 Rd5 51. Ne3 Rd2+ 52. Kg1 c6 53. Nf5+
Kg6 54. Nh4+ Kg7 55. Kh2 Rd5 56. Kg3 Rg5+ 57. Kf3 Ra8 58. Nf5+ Kg6 59. Ne3 Kh5
60. Rf8 Rg8 61. Ke4 Kg6 62. Ke5 h5 63. Ke6 h4 64. Kd7 Kg5 65. Rxg8+ Rxg8 66.
e8=Q Rg7+ 67. Be7+ Kh6 68. Nf5+ Kh7 69. Nxg7 1-0

[Event "25. Copenhagen Open  (Politiken Cup)"]
[Site "Copenhagen"]
[Date "2003.07.23"]
[Round "9"]
[White "Laursen, Niels Norskov"]
[Black "Spanton, Timothy"]
[Result "1-0"]
[WhiteElo "2109"]
[BlackElo "2021"]
[PlyCount "101"]
[EventDate "2003.07.14"]
[EventType "swiss"]
[EventRounds "11"]
[EventCountry "DEN"]
[SourceDate "2004.01.01"]

1. e4 c5 2. Nf3 g6 3. d4 cxd4 4. Nxd4 Nc6 5. Nc3 Nf6 6. Bc4 Bg7 7. Be3 O-O 8.
Bb3 Qa5 9. f3 d6 10. Qd2 Nxd4 11. Bxd4 Be6 12. O-O-O Bxb3 13. cxb3 Rfc8 14. Kb1
b5 15. Bxf6 Bxf6 16. Nd5 Qxd2 17. Nxf6+ exf6 18. Rxd2 Rc6 19. Rhd1 Rd8 20. Rd5
a6 21. a4 bxa4 22. bxa4 Kf8 23. Rc1 Rdc8 24. Rxc6 Rxc6 25. b3 Ke7 26. Kb2 Ke6
27. g4 Kd7 28. h4 h6 29. Rd3 Ke6 30. Rc3 Rb6 31. Rc7 d5 32. exd5+ Kxd5 33. Rxf7
Ke5 34. Rh7 h5 35. Rh6 g5 36. hxg5 hxg4 37. fxg4 Rb4 38. Rxf6 Rxg4 39. Rxa6 Kd4
40. Rc6 Rxg5 41. Rc4+ Ke3 42. Ka3 Rg8 43. a5 Ra8 44. Ka4 Rb8 45. Rc5 Kd4 46. b4
Rb7 47. a6 Rb6 48. Ka5 Rh6 49. a7 Rh1 50. Kb6 Ra1 51. Ra5 1-0

[Event "25. Copenhagen Open  (Politiken Cup)"]
[Site "Copenhagen"]
[Date "2003.07.23"]
[Round "9"]
[White "Liden, Tommy"]
[Black "Rorvik, Jon F"]
[Result "0-1"]
[WhiteElo "1883"]
[BlackElo "2162"]
[PlyCount "44"]
[EventDate "2003.07.14"]
[EventType "swiss"]
[EventRounds "11"]
[EventCountry "DEN"]
[SourceDate "2004.01.01"]

1. e4 e5 2. Nf3 Nc6 3. Bb5 a6 4. Bc4 Nf6 5. O-O Nxe4 6. d4 b5 7. Bb3 d5 8. dxe5
Be6 9. a4 b4 10. a5 Nc5 11. c3 Nxb3 12. Qxb3 Be7 13. Qa4 Qd7 14. Rd1 O-O 15. c4
Rfd8 16. cxd5 Bxd5 17. Be3 Qg4 18. h3 Qg6 19. Ne1 Nxe5 20. Nd2 c5 21. Rac1 Nd3
22. Nxd3 Qxg2# 0-1

[Event "25. Copenhagen Open  (Politiken Cup)"]
[Site "Copenhagen"]
[Date "2003.07.23"]
[Round "9"]
[White "Lie, Terje"]
[Black "Johansen, Anders Sten"]
[Result "0-1"]
[WhiteElo "1000"]
[BlackElo "1590"]
[PlyCount "118"]
[EventDate "2003.07.14"]
[EventType "swiss"]
[EventRounds "11"]
[EventCountry "DEN"]
[SourceDate "2004.01.01"]

1. d4 Nf6 2. c4 e6 3. Nc3 Bb4 4. e3 c5 5. Nge2 cxd4 6. Qxd4 Nc6 7. Qd1 O-O 8.
a3 Be7 9. Ng3 d5 10. Be2 dxc4 11. Bxc4 Qxd1+ 12. Nxd1 Ne5 13. Be2 Rd8 14. O-O
b6 15. b4 Bb7 16. Bb2 Nd3 17. Bd4 Nf4 18. f3 Nxe2+ 19. Nxe2 Ba6 20. Kf2 Rac8
21. Re1 Rc2 22. Rc1 Rdc8 23. Rxc2 Rxc2 24. Bb2 Nd5 25. Kf1 Nxe3+ 26. Nxe3 Rxb2
27. Kf2 Ra2 28. Ng4 Bf6 29. Nxf6+ gxf6 30. g4 Kg7 31. h3 Kg6 32. h4 Rxe2+ 33.
Rxe2 Bxe2 34. Kxe2 f5 35. b5 fxg4 36. fxg4 f5 37. Kf3 fxg4+ 38. Kxg4 e5 39. h5+
Kf6 40. h6 Kg6 41. Kf3 Kxh6 42. Ke4 Kg5 43. Kxe5 h5 44. Ke4 h4 45. Kf3 Kf5 46.
a4 Ke5 47. Kg4 Kd4 48. Kxh4 Kc4 49. Kg3 Kb4 50. Kf2 Kxa4 51. Ke1 Kxb5 52. Kd1
Kb4 53. Kc2 Kc4 54. Kc1 Kb3 55. Kb1 b5 56. Ka1 Kc2 57. Ka2 b4 58. Ka1 a6 59.
Ka2 b3+ 0-1